| 000 | 00501nam a2200193Ia 4500 | ||
|---|---|---|---|
| 008 | 170918s9999 xx 000 0 und d | ||
| 020 | _a9780439590761 | ||
| 050 | _bN971 2002 | ||
| 100 | _aNumeroff, Laura | ||
| 245 | _a10-step guide to living with your monster / | ||
| 245 | _cLaura Numeroff ; illustrated by Nate Evans. | ||
| 260 | _aNew York : | ||
| 260 | _bScholastic, | ||
| 260 | _c2002 | ||
| 300 | _aunpaged : | ||
| 300 | _bcolored illustration ; | ||
| 300 | _c28cm. | ||
| 500 | _a450 | ||
| 999 |
_c341337 _d341337 |
||